[Event "Helsinki2"]
[Site "Helsinki"]
[Date "1989.??.??"]
[Round "3"]
[White "Maki, Veijo"]
[Black "Pirttimaki, Timo"]
[Result "1-0"]
[WhiteElo "2420"]
[BlackElo "2250"]

1.e4 c5 2.Nf3 d6 3.Bb5+ Nc6 4.O-O Bd7 5.Re1 Nf6 6.h3 g6 7.c3 Bg7 8.d4 O-O
9.Bf1 cxd4 10.cxd4 d5 11.e5 Ne4 12.Qb3 e6 13.Nbd2 Nxd2 14.Bxd2 Qb6 15.Qd3 Rac8
16.Bc3 Bh6 17.Nh2 Bg5 18.Ng4 f5 19.exf6 Bxf6 20.Nxf6+ Rxf6 21.Rad1 Rcf8 22.Rd2 Ne7
23.Qg3 Nf5 24.Qe5 Bc8 25.Rc2 Ne7 26.Bd3 Nc6 27.Qg5 Qd8 28.Bb5 Rf4 29.Qxd8 Rxd8
30.Bxc6 bxc6 31.Ba5 Rdf8 32.Rxc6 Rxd4 33.Rec1 Ra4 34.Bd2 Rc4 35.R1xc4 dxc4
36.Bc3 Bb7 37.Rxe6 Rf7 38.Re8+ Rf8 39.Re7 Rf7 40.Re5 Rd7 41.Rc5 Bd5 42.f3 Kf7
43.Kf2 Ke6 44.Ke3 g5 45.Ra5 h5 46.Ra6+ Rd6 47.Rxa7 g4 48.Rh7 gxf3 49.gxf3 Bc6
50.Bd4 Be8 51.Rh8 Kd7 52.Rh7+ Kc6 53.h4 Re6+ 54.Kf4 Kd6 55.Bc3 Kd5 56.Ra7 Re2
57.Ra5+ Kd6 58.Re5 Rxe5 59.Bxe5+ Ke6 60.Bb8 Bc6 61.Ke3 Kd5 62.Ba7 Ke5 63.Bd4+ Kd5
64.f4 Bd7 65.Bf6 Ke6 66.Be5 Kd5 67.Kd2 Ke4 68.Kc3 Kf3 69.Kxc4 Be6+ 70.Kc5 Bxa2
71.b4 Bb1 72.b5 Be4 73.b6 Kg4 74.Bf6 Kxf4 75.Kd6  1-0

[Event "HUN-ch"]
[Site "?"]
[Date "1989.??.??"]
[Round "?"]
[White "Tolnai, Tibor"]
[Black "Schneider, Attila"]
[Result "1/2-1/2"]
[WhiteElo "2480"]
[BlackElo "2390"]

1.e4 c5 2.Nf3 d6 3.Bb5+ Bd7 4.Bxd7+ Qxd7 5.O-O Nc6 6.c4 g6 7.d4 cxd4 8.Nxd4 Nf6
9.Nc3 Bg7 10.Nc2 O-O 11.f3 Rfc8 12.Be3 Qd8 13.b3 Ng4 14.fxg4 Bxc3 15.Rb1 Qa5
16.a3 Bg7 17.h3 Ne5 18.a4 a6 19.Bd4 Qc7  1/2-1/2

[Event "HUN-ch"]
[Site "?"]
[Date "1989.??.??"]
[Round "?"]
[White "Varga, Zoltan"]
[Black "Tolnai, Tibor"]
[Result "0-1"]
[WhiteElo "2425"]
[BlackElo "2480"]

1.e4 c5 2.Nf3 d6 3.Bb5+ Bd7 4.a4 Nc6 5.O-O g6 6.Re1 a6 7.Bf1 Bg4 8.h3 Bxf3
9.Qxf3 Bg7 10.d3 Nf6 11.Nc3 O-O 12.Nd5 Nd7 13.Bg5 h6 14.Bd2 e6 15.Ne3 b5
16.axb5 axb5 17.Rab1 Ra2 18.c3 b4 19.Qd1 Qc7 20.Qc1 bxc3 21.bxc3 h5 22.Nc4 Rfa8
23.Bf4 Nde5 24.Nxe5 Bxe5 25.Bxe5 Nxe5 26.d4 Nd7 27.d5 exd5 28.exd5 Nf6 29.Qg5 Kg7
30.c4 Rb8 31.Qf4 Rxb1 32.Rxb1 Qe7 33.g3 Qe4 34.Rb6 Qxf4 35.gxf4 Ne4 36.Bg2 Nxf2
37.Rxd6 Nd3 38.Rc6 Nxf4 39.Bf1 Ra5 40.h4 Kf8 41.Rf6 g5 42.hxg5 Ng6 43.Be2 Ra1+
44.Kf2 Ra2 45.Ke3 h4 46.d6 h3 47.d7 Ra8 48.Rf3 Ke7 49.Rxh3 Ra3+ 50.Bd3  0-1

[Event "Joensuu op"]
[Site "Joensuu"]
[Date "1989.??.??"]
[Round "?"]
[White "Kiik, Kalle"]
[Black "Baginskaite, Kamile"]
[Result "1-0"]
[WhiteElo "2395"]
[BlackElo "2295"]

1.e4 c5 2.Nf3 d6 3.Bb5+ Nc6 4.O-O Bg4 5.Re1 e5 6.d3 Be7 7.h3 Bh5 8.Bxc6+ bxc6
9.Nbd2 Nf6 10.Nf1 Nd7 11.Ng3 Bg6 12.Nh2 Bg5 13.Qg4 Bxc1 14.Raxc1 Nf8 15.Nf5 Ne6
16.Nf1 h5 17.Qg3 h4 18.Qg4 Kf8 19.Nd2 Nf4 20.Nf3 Bxf5 21.exf5 Qf6 22.Ng5 Rd8
23.Ne4 Qe7 24.Re3 f6 25.Rce1 d5 26.Nd2 Qf7 27.Nf3 Qh5 28.Nd2 Qf7 29.Nb3 Rh5
30.Nxc5 Rg5 31.Qf3 Rxg2+ 32.Kh1 Rg5 33.d4 Rxf5 34.dxe5 fxe5 35.Rxe5 Rxe5
36.Rxe5 Rd6 37.Qg4 g6 38.c3 Kg7 39.Qg5 Rf6 40.Qg4 Rf5  1-0

[Event "Karvina op"]
[Site "Karvina"]
[Date "1989.??.??"]
[Round "7"]
[White "Nemec, Pavel"]
[Black "Vavruska, David"]
[Result "1/2-1/2"]
[WhiteElo "2225"]
[BlackElo "2300"]

1.e4 c5 2.Nf3 d6 3.Bb5+ Nd7 4.O-O a6 5.Bxd7+ Bxd7 6.d4 cxd4 7.Qxd4 e5 8.Qd3 Be7
9.Nc3 h6 10.Nd5 Be6 11.c4 Nf6 12.Nxf6+ Bxf6 13.b3 Qc7 14.a4 O-O 15.a5 Be7  1/2-1/2

[Event "URS-sf Ukraine-ch"]
[Site "Kherson"]
[Date "1989.??.??"]
[Round "?"]
[White "Palatnik, Semon"]
[Black "Savchenko, Stanislav"]
[Result "1/2-1/2"]
[WhiteElo "2460"]
[BlackElo "2395"]

1.e4 c5 2.Nf3 d6 3.Bb5+ Bd7 4.Bxd7+ Qxd7 5.c4 Nf6 6.Nc3 Nc6 7.O-O e6 8.d4 cxd4
9.Nxd4 Be7 10.f3 Rc8 11.Be3 O-O 12.b3 Rfe8 13.Bf2  1/2-1/2

[Event "Leningrad"]
[Site "Leningrad"]
[Date "1989.??.??"]
[Round "?"]
[White "Brynell, Stellan"]
[Black "Lukin, Andrei M"]
[Result "0-1"]
[WhiteElo "2485"]
[BlackElo "2450"]

1.e4 c5 2.Nf3 d6 3.Bb5+ Nc6 4.O-O Bd7 5.c3 a6 6.Bxc6 Bxc6 7.Re1 Nf6 8.d4 Bxe4
9.Bg5 d5 10.Nbd2 Bg6 11.c4 e6 12.cxd5 Qxd5 13.dxc5 Bxc5 14.Ne5 O-O 15.Nxg6 hxg6
16.Bxf6 gxf6 17.Ne4 Bd4 18.Qa4 Kg7 19.Rad1 Rfd8 20.Rd2 b5 21.Qa5 Qc6 22.Qb4 a5
23.Qb3 f5 24.Ng5 Bf6 25.Rxd8 Rxd8 26.Nf3 Qc5 27.Qe3 Qc2 28.Qb6 Qxb2 29.Qxa5 Rd3
30.Rf1 Ra3 31.Qc7 Rxa2 32.h4 Ra1 33.Rxa1 Qxa1+ 34.Kh2 Qc3 35.Qb6 b4  0-1

[Event "Lodz"]
[Site "Lodz"]
[Date "1989.??.??"]
[Round "4"]
[White "Gizynski, Tomasz"]
[Black "Womacka, Mathias"]
[Result "1/2-1/2"]
[WhiteElo "2370"]
[BlackElo "2370"]

1.e4 c5 2.Nf3 d6 3.Bb5+ Bd7 4.Bxd7+ Nxd7 5.O-O Ngf6 6.Qe2 e6 7.b3 Be7 8.Bb2 O-O
9.c4 e5 10.Nc3 Ne8 11.Ne1 Nc7 12.Nd3 Ne6 13.Nd5 Bg5 14.Kh1 Nf6 15.g3 Nxd5
16.cxd5 Nd4 17.Bxd4 cxd4 18.f4 exf4 19.gxf4 Bh6 20.Qf2 f5 21.Qxd4 fxe4 22.Qxe4 Re8
23.Qg2 Qf6 24.Rae1 Qf5 25.Qf3 Rab8 26.Kg2 Qg6+  1/2-1/2

[Event "Lodz"]
[Site "Lodz"]
[Date "1989.??.??"]
[Round "10"]
[White "Gizynski, Tomasz"]
[Black "Praszak, Michal"]
[Result "1/2-1/2"]
[WhiteElo "2370"]
[BlackElo "2335"]

1.e4 c5 2.Nf3 d6 3.Bb5+ Nc6 4.d4 cxd4 5.Qxd4 Qd7 6.Qd3 a6 7.Bxc6 Qxc6 8.O-O Nf6
9.Nc3 e6 10.Bg5 Be7 11.Rfd1 b5 12.Bxf6 gxf6 13.Nd4 Qc5 14.Nce2 Bb7 15.a4 b4
16.c3 d5 17.cxb4 dxe4 18.bxc5 exd3 19.Rxd3 Bxc5 20.Rc1 Be4 21.Re3 Bxd4 22.Nxd4 Bd5
23.Ne2 O-O 24.Rg3+ Kh8 25.Nf4 Rae8 26.Rgc3 Bb7 27.Kf1 f5 28.Rc8 Rxc8 29.Rxc8 Bxc8
30.Nd3 Kg7 31.Ke2 Kf6 32.f4 Ke7 33.Ne5 Bb7 34.g3 Be4 35.Ke3 f6 36.Nd3 Kd6
37.Kd4 Bg2 38.b4 Bf1 39.Nf2 e5+ 40.Ke3 h5 41.h3 Kd5 42.g4 fxg4 43.hxg4 hxg4  1/2-1/2

[Event "Lugano op"]
[Site "Lugano"]
[Date "1989.??.??"]
[Round "1"]
[White "Fette, Martin"]
[Black "Kluss, Kai"]
[Result "1-0"]
[WhiteElo "2385"]
[BlackElo "2225"]

1.e4 c5 2.Nf3 d6 3.Bb5+ Bd7 4.Bxd7+ Qxd7 5.O-O Nc6 6.c3 Nf6 7.d4 cxd4 8.cxd4 d5
9.e5 Ne4 10.Ne1 h6 11.f3 Ng5 12.Nc3 Ne6 13.Be3 g5 14.Nd3 Rc8 15.Ne2 Ng7 16.Ng3 h5
17.Nc5 Qc7 18.Rc1 b6 19.Nd3 h4 20.Ne2 Nf5 21.Bxg5 Rg8 22.Nb4 Qb7 23.Rxc6 Rxc6
24.Nxc6 Qxc6 25.Qd2 e6 26.Rc1 Qb7 27.h3 Bb4 28.Qxb4 Rxg5 29.Qd2 Rg6 30.Nf4 Rg3
31.Nh5 Rg6 32.Qb4 a5 33.Nf6+ Rxf6 34.Qb5+ Ke7 35.exf6+ Kxf6 36.Qe8 Qa6 37.Rc7 Qe2
38.Rxf7+ Kg5 39.Rxf5+ Kxf5 40.Qf7+ Kg5 41.f4+ Kh6 42.Qf6+ Kh7 43.Qxh4+  1-0

[Event "Lugano op"]
[Site "Lugano"]
[Date "1989.??.??"]
[Round "3"]
[White "Chiburdanidze, Maia"]
[Black "Brenninkmeijer, Joris"]
[Result "1/2-1/2"]
[WhiteElo "2520"]
[BlackElo "2415"]

1.e4 c5 2.Nf3 d6 3.Bb5+ Bd7 4.Bxd7+ Qxd7 5.O-O Nf6 6.Qe2 Nc6 7.Rd1 e6 8.d4 cxd4
9.Nxd4 Be7 10.Nc3 O-O 11.Nf3 Rfd8 12.Bg5 h6 13.Bh4 a6 14.e5 Ne8 15.Bxe7  1/2-1/2

[Event "Lugano op"]
[Site "Lugano"]
[Date "1989.??.??"]
[Round "4"]
[White "Godena, Michele"]
[Black "Kamber, Bruno"]
[Result "1/2-1/2"]
[WhiteElo "2425"]
[BlackElo "2265"]

1.e4 c5 2.Nf3 d6 3.Bb5+ Bd7 4.Bxd7+ Nxd7 5.O-O Ngf6 6.Qe2 e6 7.b3 Be7 8.Bb2 O-O
9.c4 Re8 10.Nc3 Qb6 11.Rad1 Rad8 12.d4 cxd4 13.Nxd4 Ne5 14.Kh1 Nc6 15.Ndb5 Rd7
16.f3 Qd8 17.Qf2 Qb8 18.Nd4 Rdd8 19.Rd2 Ne5 20.Rfd1 a6 21.g3 Qc7 22.Kg2 Qa5
23.Qe2 Ng6 24.f4 Bf8 25.Nf3 Qc7 26.Kh1 Qa5 27.Kg2 Qc7 28.Kh1 Qa5  1/2-1/2

[Event "Luzern"]
[Site "Luzern"]
[Date "1989.??.??"]
[Round "?"]
[White "Ambroz, Jan"]
[Black "King, Daniel J"]
[Result "1/2-1/2"]
[WhiteElo "2425"]
[BlackElo "2495"]

1.e4 c5 2.Nf3 d6 3.Bb5+ Nd7 4.c3 Nf6 5.Qe2 a6 6.Ba4 e5 7.O-O Be7 8.d4 b5
9.Bc2 cxd4 10.cxd4 O-O 11.Nc3 Bb7 12.a3 Re8 13.dxe5 dxe5 14.Rd1 Qb8 15.Ng5 Nf8  1/2-1/2

[Event "Montpellier-A"]
[Site "Montpellier"]
[Date "1989.??.??"]
[Round "?"]
[White "Pira, Davoud"]
[Black "Kozul, Zdenko"]
[Result "0-1"]
[WhiteElo "2330"]
[BlackElo "2560"]

1.e4 c5 2.Nf3 d6 3.Bb5+ Nd7 4.d4 cxd4 5.Qxd4 Nf6 6.Bg5 a6 7.Bc4 e6 8.Nc3 Qb6
9.Qxb6 Nxb6 10.Bb3 Nbd7 11.O-O-O b5 12.Rd4 Bb7 13.Re1 Rc8 14.a4 e5 15.Rdd1 Nc5
16.Bxf6 b4 17.Nd5 Nxb3+ 18.Kb1 Nc5 19.Bh4 Bxd5 20.Rxd5 Nxa4 21.Red1 f6 22.Nd2 Be7
23.f3 Rc6 24.Nf1 Nb6 25.R5d2 Nc4 26.Re2 Kd7 27.b3 Na3+ 28.Kb2 Rhc8 29.c4 bxc3+
30.Kxa3 d5+ 31.Ka2 d4 32.Rc2 Rc5 33.Ne3 Ra5+ 34.Kb1 Ra3 35.Rd3 a5 36.Rc1 a4
37.bxa4 c2+  0-1

[Event "Moscow2"]
[Site "Moscow"]
[Date "1989.??.??"]
[Round "?"]
[White "Komliakov, Viktor"]
[Black "Lepeshkin, Vladimir"]
[Result "1-0"]
[WhiteElo "2400"]
[BlackElo "2350"]

1.e4 c5 2.Nf3 d6 3.Bb5+ Nd7 4.O-O a6 5.Bxd7+ Bxd7 6.d4 cxd4 7.Qxd4 Bg4 8.Nbd2 Nf6
9.h3 e5 10.Qd3 Be6 11.Ng5 Nh5 12.Nxe6 fxe6 13.Qb3 Qe7 14.Nf3 h6 15.c4 g6
16.c5 Bg7 17.Qa4+ Kf7 18.cxd6 Qxd6 19.Rd1 b5 20.Rxd6 bxa4 21.g4 Nf4 22.Rd7+ Kg8
23.Bxf4 exf4 24.Rc1 Bxb2 25.Rcc7 g5 26.e5 Kf8 27.Rf7+ Ke8 28.Rce7+ Kd8 29.Rxe6 a3
30.Rd6+ Ke8 31.Rdd7 Rc8 32.Ra7 Kd8 33.e6 Rc1+ 34.Kg2  1-0

[Event "Moscow2"]
[Site "Moscow"]
[Date "1989.??.??"]
[Round "?"]
[White "Komliakov, Viktor"]
[Black "Lipman, V."]
[Result "1/2-1/2"]
[WhiteElo "2400"]
[BlackElo "2285"]

1.e4 c5 2.Nf3 d6 3.Bb5+ Bd7 4.Bxd7+ Qxd7 5.c4 Nc6 6.O-O Ne5 7.Nxe5 dxe5 8.Qh5 Qd6
9.Nc3 e6 10.Nb5 Qb8 11.f4 exf4 12.d4 Nf6 13.Qe5 Nd7 14.Qxb8+ Rxb8 15.Bxf4 Rd8
16.Nc7+ Ke7 17.d5 e5 18.Bg5+ f6 19.Be3 Kf7 20.a3 Rc8 21.Ne6 Bd6 22.g4 Nf8
23.Nxf8 Rhxf8 24.g5 Kg6 25.gxf6 Rxf6 26.Rxf6+ gxf6 27.Kf2 Bf8 28.Rg1+ Kf7
29.Ke2 b6 30.Kd3 Rc7 31.Bd2 Rc8 32.Be3 Rc7 33.Rb1 Bd6 34.b4 Ke7 35.b5 Rc8
36.a4 Rg8 37.a5 Rg2 38.axb6 axb6 39.Ra1 Rxh2 40.Ra7+ Kd8 41.Rb7 Bc7 42.d6 Bxd6
43.Rxb6 Kd7 44.Ra6 h5 45.Ra7+ Ke6 46.Rh7 h4 47.Bd2 Rh1 48.Kc2 h3 49.b6 h2
50.b7 Bb8 51.Rh8 Bd6 52.Rh7 Bb8 53.Rh8 Ba7 54.Kd3 Kd6 55.Ke2 Kc6 56.Rh7 Bb8
57.Be1 Bc7 58.Ba5 Bb8 59.Be1 Bc7 60.Ba5 Bd6 61.Bd2 Kb6 62.Be3 Ka7 63.Bf2 Kb8
64.Kf3 Rc1 65.Rxh2 Kxb7 66.Rh6 Rxc4 67.Rxf6 Kc6 68.Ke3 Rd4 69.Bg3 Kd7 70.Rf2 c4
71.Rd2 Kc6 72.Rxd4  1/2-1/2

[Event "Moscow op"]
[Site "Moscow"]
[Date "1989.??.??"]
[Round "?"]
[White "Veselovsky, Sergey"]
[Black "Dragomarezkij, Evgeni"]
[Result "1/2-1/2"]
[WhiteElo "2415"]
[BlackElo "2340"]

1.e4 c5 2.Nf3 d6 3.Bb5+ Bd7 4.Bxd7+ Qxd7 5.O-O Nc6 6.d4 cxd4 7.Nxd4 Nf6 8.Nc3 e6
9.Bg5 Be7 10.Re1 O-O 11.Nxc6 Qxc6 12.Qd3 Rfd8 13.Qb5 Rac8 14.Qxc6 Rxc6 15.e5 dxe5
16.Rxe5 h6 17.Bh4 Kf8 18.Re2 Nd5 19.Bxe7+ Kxe7 20.Nxd5+ Rxd5 21.Kf1  1/2-1/2

[Event "Moscow op"]
[Site "Moscow"]
[Date "1989.??.??"]
[Round "?"]
[White "Maljutin, Evgeni"]
[Black "Verner, A."]
[Result "1/2-1/2"]
[WhiteElo "2355"]
[BlackElo "2320"]

1.e4 c5 2.Nf3 d6 3.Bb5+ Bd7 4.Bxd7+ Qxd7 5.O-O Nf6 6.e5 Nd5 7.d4 cxd4 8.Qxd4 e6
9.c4 Nc6 10.Qe4 Nc7 11.exd6 Bxd6 12.Nc3 O-O 13.Rd1 Qe7 14.Nb5 Nxb5 15.cxb5 Nb4
16.Ng5 g6 17.Qh4 h5 18.g4 Rad8 19.Kg2 Qf6 20.gxh5 Be7 21.hxg6 Qxg6 22.Rg1 Rd5
23.Kh1 Rfd8 24.Bf4 Nd3 25.Be3 Rf5 26.Raf1 Rdd5 27.f4 Bxg5 28.Rxg5 Rxg5 29.fxg5 Rf5
30.Rd1 Rxb5 31.Kg1 a6 32.Qg3 Rd5 33.Rf1 Rf5 34.Qb8+ Kg7 35.Qxb7 Rxf1+ 36.Kxf1 Qf5+
37.Ke2 Ne5 38.Qb3 Qf3+ 39.Kd2 Qg2+ 40.Kc1 Qh1+ 41.Qd1 Qc6+ 42.Qc2  1/2-1/2

[Event "Moscow op"]
[Site "Moscow"]
[Date "1989.??.??"]
[Round "?"]
[White "Maljutin, Evgeni"]
[Black "Frog, Ilya"]
[Result "1/2-1/2"]
[WhiteElo "2355"]
[BlackElo "2225"]

1.e4 c5 2.Nf3 d6 3.Bb5+ Nc6 4.O-O Bd7 5.Re1 Nf6 6.c3 a6 7.Bxc6 Bxc6 8.d4 Bxe4
9.Bg5 Bd5 10.Nbd2 cxd4 11.c4 Bc6 12.Bxf6 gxf6 13.Nxd4 Qd7 14.Qh5 e5 15.Ne4 Be7
16.Nxc6 bxc6 17.Rad1 Qe6 18.f4 O-O-O 19.f5 Qd7 20.Qxf7 d5 21.Kh1 Bb4 22.Qxd7+ Rxd7
23.Nxf6 Rf7 24.Rxe5 Rxf6 25.cxd5 Rd8 26.g4 Kb8 27.Rd3 Kc7 28.Rb3 Bc5 29.dxc6 Rd1+
30.Kg2 Rd2+ 31.Kf3 Bd6 32.Re2 Rxe2 33.Kxe2 Kxc6 34.h3 Be5 35.Kf3 Rd6 36.g5 Rd4
37.f6 Rf4+ 38.Ke2 h6 39.Re3 Bxb2 40.Re6+ Kd5 41.Rxa6  1/2-1/2

[Event "Moscow op"]
[Site "Moscow"]
[Date "1989.??.??"]
[Round "?"]
[White "Maljutin, Evgeni"]
[Black "Baikov, Vladimir A"]
[Result "1-0"]
[WhiteElo "2355"]
[BlackElo "2345"]

1.e4 c5 2.Nf3 d6 3.Bb5+ Bd7 4.Bxd7+ Nxd7 5.O-O Ngf6 6.Re1 e6 7.d4 cxd4 8.Qxd4 Be7
9.c4 a6 10.Nc3 Rc8 11.b3 O-O 12.Bg5 Qc7 13.Rac1 Rfd8 14.Qd2 Ne5 15.Nd4 h6
16.Bh4 Ng6 17.Bg3 Nh5 18.Qe2 Nxg3 19.hxg3 Bf6 20.Red1 Qc5 21.Qd2 Ne5 22.Qe2 Ng4
23.Qxg4 Bxd4 24.Qf3 Qe5 25.Ne2 Ba7 26.a4 Rc6 27.Rc3 Rf8 28.Qf4 Qxf4 29.gxf4 Rfc8
30.Rcd3 Bc5 31.Nd4 R6c7 32.Nc2 b5 33.axb5 axb5 34.cxb5 Rb8 35.Nd4 e5 36.fxe5 dxe5
37.Nf5 Rxb5 38.Rg3 g6 39.Nxh6+ Kh7 40.Ng4 Kg7 41.Rd5 Rb4 42.Nxe5 Rxe4 43.Nd3 Be7
44.Kf1 Ra7 45.Nb2 Ra2 46.Nd1 Ra1 47.Rgd3 Rb1 48.Rb5 Bb4 49.g3 Re1+ 50.Kg2 Rexd1
51.Rxd1 Rxd1 52.Rxb4 Rd3 53.Kf1 Rd2 54.Rc4 Rb2 55.Rc3 g5 56.g4 f5 57.f3 fxg4
58.fxg4 Kf6 59.Re3 Rd2 60.Re4 Rb2 61.b4 Rd2 62.Ke1 Ra2 63.Kd1 Rb2 64.Kc1 Ra2
65.b5 Ra7 66.b6 Rb7 67.Rb4 Ke5 68.Kd2 Kd5 69.Kd3 Kc5 70.Rb1 Kd5 71.Rb5+ Kc6
72.Kc4 Rb8 73.Rxg5 Rd8 74.Rg6+ Kb7 75.Kc5 Rd7 76.g5 Ka6 77.Rd6 Re7 78.g6 Re5+
79.Kd4 Re1 80.Kd5 Kb7 81.Re6 Rf1 82.Ke5 Kc8 83.g7 Rg1  1-0

[Event "Moscow-A"]
[Site "Moscow"]
[Date "1989.??.??"]
[Round "?"]
[White "Campora, Daniel H"]
[Black "Gruenberg, Hans Ulrich"]
[Result "1/2-1/2"]
[WhiteElo "2500"]
[BlackElo "2475"]

1.e4 c5 2.Nf3 d6 3.Bb5+ Bd7 4.Bxd7+ Qxd7 5.c4 Nf6 6.d3 e6 7.O-O Be7 8.Nc3 O-O
9.Ne1 a6 10.f4 Nc6 11.Kh1 Rab8 12.a4 Ne8 13.Nf3 Nc7 14.d4 cxd4 15.Nxd4  1/2-1/2

[Event "GMA-Open"]
[Site "Moscow"]
[Date "1989.??.??"]
[Round "7"]
[White "Zaitsev, Igor A"]
[Black "Inkiov, Ventzislav"]
[Result "1/2-1/2"]
[WhiteElo "2390"]
[BlackElo "2470"]

1.e4 c5 2.Nf3 d6 3.Bb5+ Bd7 4.Bxd7+ Qxd7 5.d4 cxd4 6.Nxd4 Nf6 7.Nc3 Nc6 8.O-O e6
9.Be3 Be7 10.f3 O-O  1/2-1/2

[Event "Munich"]
[Site "Munich"]
[Date "1989.??.??"]
[Round "?"]
[White "Wahls, Matthias"]
[Black "Groszpeter, Attila"]
[Result "1/2-1/2"]
[WhiteElo "2515"]
[BlackElo "2500"]

1.e4 c5 2.Nf3 d6 3.Bb5+ Bd7 4.Bxd7+ Nxd7 5.O-O Ngf6 6.Qe2 e6 7.c3 Be7 8.d4 O-O
9.e5 Ne8 10.dxc5 Nxc5 11.c4 dxe5 12.Nxe5 Qd4 13.Nc3 Bd6 14.Nf3 Qd3 15.Rd1 Qxe2
16.Nxe2 Ne4 17.Be3 N8f6 18.Ng3 Nxg3 19.hxg3 Rfd8 20.Bd4 Ng4 21.Nh2 Be5 22.Bxe5 Nxe5
23.b3 Kf8 24.Kf1 a5 25.Ke2 Ke7 26.Nf3 Nc6 27.a3 h6 28.Rd3 e5 29.g4 Kf6 30.Ke3 Rxd3+
31.Kxd3 Rd8+ 32.Ke4 Ke6 33.Rh1 f6 34.Rb1 Rd7 35.b4 axb4 36.axb4 Nd4 37.c5 Nxf3
38.Kxf3 Rd3+ 39.Ke2 Rd4 40.b5 Kd7 41.Ra1 Rb4 42.Ra5 Ke6 43.c6 bxc6 44.bxc6 Rc4
45.f3 Rxc6 46.Ra7 Rc2+ 47.Kf1 g5 48.Kg1 e4 49.fxe4 Re2 50.Ra6+ Ke5 51.Ra5+ Kf4
52.Rf5+ Kxg4 53.Rxf6 h5 54.Ra6 h4 55.Ra3 Kf4 56.Ra1 g4 57.e5 g3 58.e6 Rxe6  1/2-1/2

[Event "New York exh"]
[Site "New York"]
[Date "1989.??.??"]
[Round "1"]
[White "Fedorowicz, John P"]
[Black "Zaltsman, Vitaly F"]
[Result "1-0"]
[WhiteElo "2505"]
[BlackElo "2420"]

1.e4 c5 2.Nf3 d6 3.Bb5+ Bd7 4.Bxd7+ Nxd7 5.O-O Ngf6 6.Re1 g6 7.c3 Bg7 8.d4 O-O
9.h3 e5 10.dxe5 Nxe5 11.Nxe5 dxe5 12.Qe2 Nh5 13.Rd1 Qf6 14.Na3 Rad8 15.Be3 Nf4
16.Qf1 h6 17.Kh2 Kh7 18.Rxd8 Rxd8 19.Rd1 b6 20.g3 Ne6  1-0

[Event "Novi Sad op"]
[Site "Novi Sad"]
[Date "1989.??.??"]
[Round "3"]
[White "Kalegin, Evgenij"]
[Black "Benderac, Srdjan"]
[Result "1-0"]
[WhiteElo "2380"]
[BlackElo "2260"]

1.e4 c5 2.Nf3 d6 3.Bb5+ Bd7 4.Bxd7+ Qxd7 5.O-O Nc6 6.c3 Nf6 7.d4 Nxe4 8.d5 Ne5
9.Nxe5 dxe5 10.Re1 Nf6 11.Rxe5 e6 12.c4 Bd6 13.Re1 O-O-O 14.Nc3 exd5 15.cxd5 Qf5
16.Be3 Rhe8 17.h3 Re5 18.Qa4 a6 19.Rac1 Nxd5 20.Nxd5 Rxd5 21.b4 c4 22.Bb6 Rd2
23.Rxc4+ Kb8 24.Qe8 Bc5 25.Qxd8+ Rxd8 26.Rxc5 Qd7 27.Bxd8 Qxd8 28.a3 Qd3
29.Re3 Qd1+ 30.Kh2 Qd6+ 31.g3 f6 32.Kg2 Ka7 33.Rec3 g6 34.R3c4 h5 35.a4 Qe6
36.a5 Qd6 37.Rf4 f5 38.h4 Qd7 39.Rfc4 Qe6 40.Rd4 Qf6 41.Rcc4 Qe6 42.Rc7 Qe5
43.Rcd7 Qe6 44.Rd8 Qc6+ 45.Kh2 Qc2 46.Rf4 Qc7 47.Rd5 Qc6 48.Rc5 Qd6 49.Rfc4 Qd2
50.Kg2 Qd6 51.b5 axb5 52.Rxb5 Qd8 53.Rcb4 Ka6 54.Rb6+ Kxa5 55.R4b5+ Ka4 56.Rxb7 Qd1
57.Rb2 Ka3  1-0

[Event "Kotov mem"]
[Site "Odessa"]
[Date "1989.??.??"]
[Round "?"]
[White "Rozentalis, Eduardas"]
[Black "Krasenkow, Michal"]
[Result "1/2-1/2"]
[WhiteElo "2505"]
[BlackElo "2530"]

1.e4 c5 2.Nf3 d6 3.Bb5+ Bd7 4.Bxd7+ Qxd7 5.O-O Nf6 6.d3 e6 7.c4 Nc6 8.Nc3 Be7
9.b3 O-O 10.Bb2 d5  1/2-1/2

[Event "Kotov mem"]
[Site "Odessa"]
[Date "1989.??.??"]
[Round "?"]
[White "Dobrovolsky, Ladislav"]
[Black "Neverov, Valeriy"]
[Result "0-1"]
[WhiteElo "2415"]
[BlackElo "2475"]

1.e4 c5 2.Nf3 d6 3.Bb5+ Bd7 4.Bxd7+ Nxd7 5.c4 Ngf6 6.Nc3 e6 7.O-O Be7 8.d4 cxd4
9.Nxd4 O-O 10.Re1 a6 11.b3 Rc8 12.Bb2 Qa5 13.Qd2 Rfe8 14.Rad1 Bf8 15.Kh1 Rc7
16.f4 Rec8 17.Re3 g6 18.Rh3 Bg7 19.f5 Re8 20.Qg5 Rc5 21.Qh4 exf5 22.exf5 Rce5
23.fxg6 hxg6 24.Nf3 Rh5 25.Qg3 Ne5 26.Rxh5 Nxh5 27.Qf2 Ng4 28.Qd2 Qc5 29.Rf1  0-1

[Event "Kotov mem"]
[Site "Odessa"]
[Date "1989.??.??"]
[Round "?"]
[White "Zhelnin, Vladimir V"]
[Black "Novikov, Igor A"]
[Result "1/2-1/2"]
[WhiteElo "2320"]
[BlackElo "2500"]

1.e4 c5 2.Nf3 d6 3.Bb5+ Bd7 4.Bxd7+ Nxd7 5.c4 Ngf6 6.Nc3 e6 7.d4 cxd4 8.Qxd4 a6
9.O-O Be7 10.Bg5 O-O 11.Rfd1 Qc7 12.Rac1 Rac8 13.b3 Rfd8  1/2-1/2

[Event "GMA Baleares Open"]
[Site "Palma de Mallorca"]
[Date "1989.??.??"]
[Round "9"]
[White "Tseitlin, Mikhail S"]
[Black "Olafsson, Helgi"]
[Result "1-0"]
[WhiteElo "2445"]
[BlackElo "2545"]

1.e4 c5 2.Nf3 d6 3.Bb5+ Nc6 4.O-O Bd7 5.Re1 Nf6 6.c3 a6 7.Ba4 c4 8.Na3 b5
9.Bc2 e6 10.b3 cxb3 11.axb3 Be7 12.d4 b4 13.d5 bxa3 14.dxc6 Bxc6 15.Bxa3 Qc7
16.e5 dxe5 17.Nxe5 Bb7 18.Bxe7 Kxe7 19.Qd4 a5 20.c4 Rhd8 21.Qf4 Rd6 22.Bxh7 Rad8
23.Bc2 g5 24.Qg3 Rg8 25.Qc3 Ra8 26.Qe3 g4 27.Re2 Rh8 28.Rae1 Ba8 29.c5 Rc6
30.Qf4 Qc8 31.Be4 Ra6 32.Bxa8 Rxa8 33.Nxg4 Nxg4 34.Qxg4 Qxc5 35.Re5 Qc6 36.Qg5+ Kf8
37.Rxa5 Rg8 38.Qc5+ Qxc5 39.Rxc5 Rg4 40.Rc4 Rg5 41.h4 Rd5 42.Re3  1-0

[Event "GMA Baleares Open"]
[Site "Palma de Mallorca"]
[Date "1989.??.??"]
[Round "9"]
[White "Gufeld, Eduard"]
[Black "Piket, Jeroen"]
[Result "1/2-1/2"]
[WhiteElo "2490"]
[BlackElo "2540"]

1.e4 c5 2.Nf3 d6 3.Bb5+ Nc6 4.O-O Bd7 5.Re1 Nf6 6.c3 a6 7.Bf1 Bg4 8.d3 e6
9.Bg5 Be7 10.Nbd2 O-O  1/2-1/2

[Event "Paris op-1"]
[Site "Paris"]
[Date "1989.??.??"]
[Round "?"]
[White "Bitter, L."]
[Black "Thebault, Bernard"]
[Result "1/2-1/2"]
[WhiteElo "1880"]
[BlackElo "2265"]

1.e4 c5 2.Nf3 d6 3.Bb5+ Nd7 4.O-O a6 5.Bxd7+ Bxd7 6.c4 e5 7.Nc3 g6 8.d3 Ne7
9.Bg5 Bg7 10.Nd5 f6 11.Bxf6 Bxf6 12.Nxf6+ Kf7 13.Nxd7 Qxd7 14.Ng5+ Kg7 15.f4 h6
16.Nh3 Rhf8 17.Qe1 Qg4 18.Qg3 Qxg3 19.hxg3 Nc6 20.a3 a5 21.Kh2 a4 22.Ng1 Ra6
23.Ne2 Rb6 24.Rab1 Rb3 25.Nc3 Ra8 26.Rf2 Nd4 27.fxe5 dxe5 28.Rbf1 h5 29.Rf7+ Kh6
30.R1f2 b5 31.cxb5 Nxb5 32.Nxb5 Rxb5 33.Re7 Rd8 34.Rxe5 Rxd3 35.Rc2  1/2-1/2

[Event "Paris AECE"]
[Site "Paris"]
[Date "1989.??.??"]
[Round "9"]
[White "Pira, Davoud"]
[Black "Bernard, Christophe"]
[Result "1-0"]
[WhiteElo "2355"]
[BlackElo "2265"]

1.e4 c5 2.Nf3 d6 3.Bb5+ Nd7 4.d4 cxd4 5.Qxd4 Nf6 6.Bg5 a6 7.Bxd7+ Bxd7 8.Nc3 Bc6
9.O-O-O Qa5 10.Rhe1 e5 11.Qd2 Be7 12.Kb1 Rd8 13.Re2 h6 14.Bxf6 Bxf6 15.g4 Be7
16.Qe1 Rc8 17.h3 Bd7 18.Nd2 Be6 19.Nb3 Qc7 20.Nd5 Bxd5 21.Rxd5 O-O 22.f3 b6
23.Rg2 a5 24.a3 Qd7 25.Qf1 a4 26.Nc1 Rc5 27.Qd3 Rfc8 28.Na2 Rxd5 29.Qxd5 Rc5
30.Qa8+ Kh7 31.Rd2 Ra5 32.Qb8 Qb5 33.Rd3 Qc4 34.Nb4 Rc5 35.Qxb6 d5 36.exd5 Rb5
37.Qc6 Rc5 38.Qd7 Rc7 39.Qf5+ Kg8 40.Nc6 Bd6 41.Qe4 Qb5 42.Nxe5 Qc5 43.Nc6 Qg1+
44.Ka2 Qg2 45.Rd4 Qxh3 46.Rxa4 Rc8 47.Ra7 Rf8 48.Ne7+ Bxe7 49.Rxe7  1-0

[Event "World op"]
[Site "Philadelphia"]
[Date "1989.??.??"]
[Round "9"]
[White "Bisguier, Arthur Bernard"]
[Black "Ivanov, Igor V"]
[Result "0-1"]
[WhiteElo "2405"]
[BlackElo "2515"]

1.e4 c5 2.Nf3 d6 3.Bb5+ Bd7 4.Bxd7+ Nxd7 5.O-O Ngf6 6.Re1 e6 7.c3 Be7 8.d4 cxd4
9.cxd4 d5 10.e5 Ne4 11.Nbd2 Nxd2 12.Bxd2 Nb8 13.Qb3 Qb6 14.Re3 Nc6 15.Qxb6 axb6
16.Rb3 Ra6 17.Kf1 Kd7 18.Ke2 Rc8 19.Kd3 Na7 20.Bb4 Bd8 21.Bd6 Rc4 22.Ra3 Nb5
23.Rxa6 bxa6 24.Bf8 g6 25.a4 Na7 26.Ne1 Rc8 27.Nc2 Nc6 28.b4 Bg5 29.Bd6 Nd8
30.b5 a5 31.g3 Bh6 32.h4 Rc4 33.Ne3 Bxe3 34.fxe3 f6 35.Rf1 f5 36.Ra1 Ke8
37.Rb1 Nf7 38.Bb8 Kd7 39.g4 fxg4 40.Rf1 Nh6 41.e4 Rxa4 42.exd5 Nf5 43.dxe6+ Kxe6
44.Kc3 g3 45.Bc7 g2 46.Rg1 Ne3 47.Kd3 Ra3+ 48.Ke2 Nd5 49.Bd6 Rb3  0-1

[Event "Philadelphia"]
[Site "Philadelphia"]
[Date "1989.??.??"]
[Round "10"]
[White "Dehmelt, Karl"]
[Black "Popovych, Orest"]
[Result "1-0"]
[WhiteElo "2310"]
[BlackElo "2270"]

1.e4 c5 2.Nf3 d6 3.Bb5+ Nd7 4.d4 Nf6 5.Nc3 cxd4 6.Qxd4 e5 7.Qd3 h6 8.Be3 Be7
9.Bc4 O-O 10.O-O Nb6 11.Bb3 Be6 12.Rfd1 Rc8 13.Qb5 Nfd7 14.Bxb6 Qxb6 15.Bxe6 Qxb5
16.Nxb5 fxe6 17.Rd2 Nf6 18.Re1 Rc6 19.Nxa7 Rb6 20.c4 d5 21.Rc2 Nxe4 22.cxd5 exd5
23.Nc8 Re6 24.Nxe7+ Rxe7 25.Nxe5 Rxe5 26.f3 Rfe8 27.fxe4 dxe4 28.Re3 b5 29.Kf1 Kf7
30.Ke2 Ke6 31.Rg3 Re7 32.Ke3 Rd7 33.Rd2 Rc7 34.Rg6+ Kf7 35.Rg4 Rc1 36.Rf2+ Kg8
37.Re2 Rc4 38.b3 Rb4 39.h4 g5 40.hxg5 hxg5 41.Rc2 Kf7 42.Rc3 Rd5 43.Rxe4 Rxe4+
44.Kxe4 Rd2 45.g4 Rxa2 46.Rc5 b4 47.Rb5 Rg2 48.Kf5  1-0